MARC details
| 000 -LÍDER |
| campo de controle de tamanho fixo |
01124nam a22003257a 4500 |
| 001 - NÚMERO DE CONTROLE |
| campo de controle |
BR7000599 |
| 003 - IDENTIFICADOR DO NÚMERO DE CONTROLE |
| campo de controle |
BR-BrBNA |
| 005 - DATA E HORÁRIO DA ÚLTIMA TRANSAÇÃO |
| campo de controle |
20230928083613.0 |
| 007 - CAMPO FIXO DE DESCRIÇÃO FÍSICA--INFORMAÇÃO GERAL |
| campo de controle de tamanho fixo |
ta |
| 008 - CAMPO DE DADOS FIXOS--INFORMAÇÃO GERAL |
| campo de controle de tamanho fixo |
230509b bl.||||| |||| 00| 0 por d |
| 040 ## - FONTE DA CATALOGAÇÃO |
| Instituição da catalogação original |
BR-BrBNA |
| Idioma da catalogação |
por |
| Instituição que transcreveu o registro |
Biblioteca Nacional de Agricultura |
| 041 ## - CÓDIGO DE IDIOMA |
| Código do idioma do texto/trilha sonora ou título diferente |
(Por) |
| 072 ## - CÓDIGO DE CATEGORIA DE ASSUNTO |
| Código de Categoria de Assunto |
L10; E30 |
| Código do objeto |
5214 |
| -- |
/G514 |
| 090 ## - NÚMERO DE CHAMADA LOCAL |
| -- |
5214 BR7000599 |
| 110 1# - ENTRADA PRINCIPAL--NOME CORPORATIVO |
| Nome corporativo ou nome da jurisdição |
Diretoria Estadual do Ministerio da Agricultura na Paraiba, Joao Pessoa (Brasil); |
| 9 (RLIN) |
3435 |
| 110 1# - ENTRADA PRINCIPAL--NOME CORPORATIVO |
| Nome corporativo ou nome da jurisdição |
Comissao Estadual de Planejamento Agricola da Paraiba, Joao Pessoa (Brasil) |
| 9 (RLIN) |
2028 |
| 245 1# - TÍTULO |
| Título |
Projeto Umbuzeiro. Reforma estrutural da fazenda regional de criacao "Joao Pessoa" selecao de Gir leiteiro [Paraiba; Brasil] |
| 260 3# - PUBLICAÇÃO, DISTRIBUIÇÃO, ETC. |
| Local de publicação, distribuição, etc. |
Joao Pessoa, PB (Brasil): |
| Data da publicação, distribuição, etc. |
[nd]. |
| 300 ## - DESCRIÇÃO FÍSICA |
| Extensão |
21 p. |
| 500 ## - NOTA GERAL |
| Nota geral |
6 tables; Map, scale 1:10,000; Published after 1970 |
| 650 ## - ASSUNTO--TERMO TÓPICO |
| Cabeçalho tópico ou nome geográfico |
Melhoramento genetico animal |
| 650 ## - ASSUNTO--TERMO TÓPICO |
| Cabeçalho tópico ou nome geográfico |
Projeto de desenvolvimento |
| 650 ## - ASSUNTO--TERMO TÓPICO |
| Cabeçalho tópico ou nome geográfico |
Gado leiteiro |
| 650 ## - ASSUNTO--TERMO TÓPICO |
| Cabeçalho tópico ou nome geográfico |
Gado gir |
| 650 ## - ASSUNTO--TERMO TÓPICO |
| Cabeçalho tópico ou nome geográfico |
Linhagem |
| 650 ## - ASSUNTO--TERMO TÓPICO |
| Cabeçalho tópico ou nome geográfico |
Melhoramento animal |
| 650 ## - ASSUNTO--TERMO TÓPICO |
| Cabeçalho tópico ou nome geográfico |
Paraiba |
| 909 ## - |
| -- |
202309 |
| -- |
Lucia |
| -- |
55 |
| -- |
Lucia Elande |
| 942 ## - ELEMENTOS DE ENTRADA ADICIONADOS (KOHA) |
| Tipo de material Koha |
Livros |